000 00664nam a2200277Ia 4500
005 20260324112012.0
008 008 260324s9999 xx 000 0 eng d
020 _a9781003466086
037 _aEBOOK
040 _aCRL
040 _beng
040 _cCRL
041 _2eng
041 _aeng
084 _qCRL
100 _aGiulio Venneri
_91140899
245 0 _aLearning Policy Advice in International Affairs and Diplomacy
260 _bTaylor and Francis
260 _c2025
365 _a
365 _b220
856 _uhttp://www.taylorfrancis.com/books/9781003466086
942 _cEBOOK
999 _c1729918
_d1729918